00810nam a22002297a 450000500170000001000150001702000110003203500130004303700130005608200160006910000300008524500790011526000330019427000510022730000250027865000220030365000410032565000360036694200300040299900170043295201310044920100820143850.0 aENG-101126 c250.00 aEN-84659 bDBAD/PUB a344.5404121 aJoshi, Mahendra K.916862 aIs it medical negligence :cby Mahendra K. Joshibunder new consumer act / aAhmedabadbPrez-Implexc2010 a117, Manekbag Society, AmbavadibAhmedabade15 a116 p. c22cm (pbk)  aComman law916863 aMedical PersonnebMalpractice916864 aPhysicians vMalpractice916865 2ddccENmJOSh344.5404121 c42735d42735 001040718NFICaDBADbDBADd2010-08-20g250.00l0o344.5404121 JOSpEN-84659r2010-08-20 00:00:00t1v250.00w2010-08-20yEN